000 00489cam a22002054a 4500
005 20250605164202.0
008 250528s ||||||||||||||||||||||||d
035 _a19755
020 _a880225408
040 _aGR-AtMCL
_bgre
_dGR-AtMCL
_eAACR2
245 1 _aΛΕΞΙΚΟ ΠΛΗΡΟΦΟΡΙΚΗΣ
250 _a1
260 _bΓκιουρδας,
_c1990
300 _a500
700 1 _aPfaffenberger Bryan
_95950
942 _cBK
999 _c5011
_d5011